Textbook of Anaesthesia / (Record no. 1450)
[ view plain ]
| 000 -LEADER | |
|---|---|
| fixed length control field | 00704nam a22002297a 4500 |
| 003 - CONTROL NUMBER IDENTIFIER | |
| control field | OSt |
| 005 - DATE AND TIME OF LATEST TRANSACTION | |
| control field | 20150414162055.0 |
| 008 - FIXED-LENGTH DATA ELEMENTS--GENERAL INFORMATION | |
| fixed length control field | 150409b xxu||||| |||| 00| 0 eng d |
| 020 ## - INTERNATIONAL STANDARD BOOK NUMBER | |
| International Standard Book Number | 0443063818 |
| 040 ## - CATALOGING SOURCE | |
| Transcribing agency | DNLM |
| 082 ## - DEWEY DECIMAL CLASSIFICATION NUMBER | |
| Classification number | WO 275 T314a 2001 |
| 245 ## - TITLE STATEMENT | |
| Title | Textbook of Anaesthesia / |
| Statement of responsibility, etc. | Edited by R. Aitkenhead, Graham Smith, David RowBotham |
| 250 ## - EDITION STATEMENT | |
| Edition statement | 4th ed. |
| 260 ## - PUBLICATION, DISTRIBUTION, ETC. (IMPRINT) | |
| Place of publication, distribution, etc. | London: |
| Name of publisher, distributor, etc. | Churchill Livingstone Elsevier; |
| Date of publication, distribution, etc. | 2001. |
| 300 ## - PHYSICAL DESCRIPTION | |
| Extent | xiv,806 p : |
| Other physical details | ill ; |
| Dimensions | 25 cm |
| 504 ## - BIBLIOGRAPHY, ETC. NOTE | |
| Bibliography, etc | Includes references and index |
| 650 ## - SUBJECT ADDED ENTRY--TOPICAL TERM | |
| Topical term or geographic name as entry element | Anaesthesia |
| 9 (RLIN) | 333 |
| 700 ## - ADDED ENTRY--PERSONAL NAME | |
| Relator code | Editor |
| Personal name | Aitkenhead Alan R |
| 9 (RLIN) | 3671 |
| 700 ## - ADDED ENTRY--PERSONAL NAME | |
| Relator code | Editor |
| Personal name | Smith Graham |
| 9 (RLIN) | 3672 |
| 700 ## - ADDED ENTRY--PERSONAL NAME | |
| Relator code | Editor |
| Personal name | Rowbotham David J |
| 9 (RLIN) | 3673 |
| 942 ## - ADDED ENTRY ELEMENTS (KOHA) | |
| Source of classification or shelving scheme | Other/Generic Classification Scheme |
| Koha item type | Short Loan |
| Withdrawn status | Lost status | Source of classification or shelving scheme | Damaged status | Not for loan | Home library | Current library | Date acquired | Source of acquisition | Inventory number | Total Checkouts | Full call number | Barcode | Date last seen | Price effective from | Koha item type |
|---|---|---|---|---|---|---|---|---|---|---|---|---|---|---|---|
| Other/Generic Classification Scheme | MUST Main Library | MUST Main Library | 14/04/2015 | 2004/21992 | WO 275 T314a 2001 | 2015-0962 | 14/04/2015 | 14/04/2015 | Short Loan |
